| 000 | 00399nam a2200133Ia 4500 | ||
|---|---|---|---|
| 008 | 211109s9999||||xx |||||||||||||| ||und|| | ||
| 082 |
_a894.8123 _bPAR-A |
||
| 100 | _aParapurathu, | ||
| 245 | 0 | _aAdhyakiranangal | |
| 260 |
_bMagalodayam Limted _aTrichur _c1963 |
||
| 630 | _xGENERAL STACK | ||
| 650 |
_aMalayalam Literature _vMalayalam Fiction _xMalayalam NovelsShort StoriesGeneralia |
||
| 942 | _cBOOK | ||
| 999 |
_c46434 _d46434 |
||